000 00240nam a2200097Ia 4500
008 230508s1993 xx 000 0 und d
041 _aeng
100 _aSPIEGEL M.R.
245 _aADVANCED MATHEMATICS FOR ENGG. & SCIENTISTS
260 _c1993
999 _c327092
_d327092